02208cam a22004334i 4500003000900000005001700009008004100026020003100067035002700098040003300125041001800158049000900176082001900185100003800204245007400242264005000316300005500366336002100421337002500442338002300467504004200490504003400532505043800566526000901004526000901013526000801022526000801030526000801038526000801046650002901054910002801083942001401111949018501125994001401310596000601324999020901330980005501539952018001594PE-LiUPU20250731175616.0150826s2008 miua rb 001 0 eng d a9780310290834q(softcover) a(Sirsi) i9780310290834 aPE-LiUPUbspadPE-LiUPUerda1 aengagrchgrc aPRUA04a487.4bC222221 aCampbell, Constantine R.,eautor.10aBasics of verbal aspect in biblical Greek /cConstantine R. Campbell. 1aGrand Rapids, Michigan :bZondervan,c[2008]. a159 páginas :bilustraciones ;c24 centímetros atext2rdacontent aunmediated2rdamedia avolume2rdacarrier aIncluye referencias bibliográficas. aÍndice : páginas 155-159.0 aIntroduction: Verbal aspect and exegesis -- Verbal aspect theory -- What is verbal aspect? -- The history of verbal aspect -- Perfective aspect -- Imperfective aspect -- The problem of the perfect -- Verbal aspect and New Testament text -- Verbal lexeme basics -- Present and imperfect tense-forms -- Aorist and future tense-forms -- Perfect and pluperfect tense-forms -- More participles -- A concluding postscript : space and time. aP145 aP127 aP97 aP35 aP14 aP07 0aGriego bíblicoxVerbo. aaasbjckcaasd20150826 2ddccBOOK aPGT 487.4 C22wDEWEYc1i71772lCCODEBUL1mBULp17.00r0sYtBOOKu2015-8-26xTEOLOGIAPP850COMPRAo.CIRCNOTE. No olvidar cambiar la fecha de devolución!!!!!!!o.STAFF. Posgrado aC0bPEPRU a1 aPGT 487.4 C22wDEWEYc6870i71772f2021-11-11g5lCCODEBUL1mBULp17.00r0sYtBOOKu2015-8-26xTEOLOGIAPP850COMPRAo.CIRCNOTE. No olvidar cambiar la fecha de devolución!!!!!!!o.STAFF. Posgradod6870 81gALBERTO SANCHEZ Responsable de Automatización r2025-12-02 00:00:00i6l1o487.4 C22p71772s2022-09-14te1v22.00w2015-08-26xPGyBKzinventario-2023-12-13102ddc50708GENfP85aBULbBULcGENd2015-08-26eCOMPRAg17.00